Normal view
MARC view
Entry Topical Term
001 - CONTROL NUMBER
- control field: 30464
003 - CONTROL NUMBER IDENTIFIER
- control field: ARRUPE
005 - DATE AND TIME OF LATEST TRANSACTION
- control field: 20170504100112.0
008 - FIXED-LENGTH DATA ELEMENTS
- fixed length control field: 170504|| aca||aabn | a|a d
040 ## - CATALOGING SOURCE
- Original cataloging agency: ARRUPE
- Transcribing agency: ARRUPE
150 ## - HEADING--TOPICAL TERM
- Topical term or geographic name as entry element: Kalahari Desert
- General subdivision: Agriculture
670 ## - SOURCE DATA FOUND
- Source citation: Work cat.: (ARRUPE)89483: Macdonald, William 30463, The Conquest of the Desert, 1913